1696 1816 1698 1849 1674 1574 1691 1253 1004 1812 1751 1551 1429 1425 1819 1981 1989 1750 1642 1829 1637 1909 1991 1070 1849 1295 1267 1686 1103 1111 1562 1437 1888 1235 1785 1846 1466 1749 1916 1451 1701 1364 1593 1665 1160 1619 1868 1273 1242 1284 1573 1448 1885 1495 1015 1566 1693 1686 1980 1983 1126 1863 1656 1749 1644 1926 1164 1255 1571 1850 1697 1303 1345 1676 1339 1465 1258 1460 1463 1812 1242 1324 1111 1455 1330 1268 1721 1416 1561 1391 1749 1366 1183 1922 1034 1754 1471 1683 1657 BCNSPRNW ULIB Ver.6.0+V

เปลี่ยนเป็นภาษาไทย

Change to English
 แสดงรายละเอียดบรรณานุกรม
  กลับหน้าหลัก

Brief Record : Get Marc (ISO 2709) : E-mail record : QR code < ปิดหน้าต่าง
LEADER : 00000nam 2200000uu 4500
001    13399111765
003     ULIB
008    110627s2552||||th 000 0 tha d
020    9786167081007
090    นว.^bป545พ 2552
100 0  ปาณัฐ
245 00 เพลิงรักเงาหัวใจ/^cปาณัฐ
250    พิมพ์ครั้งที่ 1
260    นนทบุรี :^bสมาร์ทบุ๊ค,^c2552
300    456 หน้า
945    ^p280^l0^i028071
995    ทศพร
999 ^a ใช้งานได้ทุกระบบ
รายการนี้ยังไม่มีแท็ก
คุณยังไม่ได้ล็อกอิน คุณสามารถมีกิจกรรมร่วมกับเว็บไซต์ได้ แต่ต้องล็อกอินก่อน ::
  ล็อกอิน

รายการสื่อสารสนเทศ

ลำดับที่ ประเภท เลขเรียก/บาร์โค้ด สถานที่ สถานะ
1. นวนิยาย
นวนิยาย
นว. ป545พ 2552 ฉ.1 
  Barcode: 028071
ห้องสมุดวิทยาเขตสวรรค์ประชารักษ์
►นวนิยาย
บนชั้น
  ขอยืม

BibComment


ยังไม่เคยถูกคอมเมนท์

คอมเมนท์ทรัพยากรรายการนี้
  คอมเมนท์: เพลิงรักเงาหัวใจ ..


 Copyright 2026. Bcnsprnw @Library